| 000 | 00572nam a22002177a 4500 | ||
|---|---|---|---|
| 001 | 11133 | ||
| 003 | BD-RjUL | ||
| 005 | 20211208235057.0 | ||
| 008 | 140126s2003 ii ||||| |||| 00| 0 eng d | ||
| 020 | _a8171417221 | ||
| 035 | _a(BD-RjUL)11182 | ||
| 040 |
_aBD-RjUL _beng _cBD-RjUL _dBD-RjUL |
||
| 041 | _aeng | ||
| 082 | 0 | 4 |
_a567.937 _bYAF 2003. |
| 100 | 1 |
_aYadav, p.r _934437 |
|
| 245 | 1 | 0 |
_aFossils / _cBy dr. p.r. Yadav |
| 260 |
_aNew Delhi: _bDiscovery Publishing house. _c2003. |
||
| 300 |
_a318p.: _bills. _c21 cm. |
||
| 650 | 0 |
_aFossils. _934438 |
|
| 942 |
_2ddc _cBK |
||
| 999 |
_c11133 _d11133 |
||